00383nam a2200133Ia 4500003000400000008004100004020002600045040000800071100001700079245008200096260004500178300001500223365001100238LDD181029s9999 xx 000 0 und d a9780195681130c595.00 cLDD aMadan, T. N. 0aImages of the worldbessays on religion, secularism, and culturecT. N. Madan aNew DelhibOxford University pressc2006 axii, 398p. b595.00